Statistics for 100 Biggest Cities in Alberta

Click here to take the quiz!

General Stats

  • This quiz has been taken 753 times
    (80 since last reset)
  • The average score is 36 of 100

Answer Stats

RankPopulationCity% Correct
11,306,784Calgary
100%
21,010,899Edmonton
98%
498,406Lethbridge
90%
3100,844Red Deer
88%
378,305Banff
84%
868,002Fort McMurray
84%
1063,271Medicine Hat
84%
768,232St. Albert
78%
964,141Grande Prairie
71%
1234,094Leduc
67%
574,100Airdrie
65%
1819,739Lloydminster
63%
1137,645Spruce Grove
63%
1430,405Okotoks
61%
2215,990Canmore
59%
2315,661Cold Lake
55%
397,909Drumheller
55%
1332,199Cochrane
53%
672,017Sherwood Park
53%
2414,924Brooks
51%
2713,396Lacombe
51%
1527,088Fort Saskatchewan
49%
583,922High Level
47%
436,765Rocky Mountain House
47%
339,209Olds
45%
476,404Bonnyville
43%
1918,772Camrose
43%
1622,163Chestermere
43%
2115,995Sylvan Lake
43%
456,606Wainwright
43%
692,759Athabasca
41%
368,374Edson
41%
2614,324High River
41%
446,619Peace River
41%
407,331Ponoka
41%
2514,339Strathmore
41%
2812,594Wetaskiwin
41%
2910,470Blackfalds
39%
387,985Innisfail
39%
426,836Slave Lake
39%
2017,993Stony Plain
39%
348,862Taber
39%
417,291Drayton Valley
37%
772,394Hanna
35%
329,817Hinton
35%
573,948Vermilion
35%
1720,888Beaumont
33%
544,898Carstairs
33%
643,297Fort Macleod
33%
485,863St. Paul
33%
881,769Vulcan
33%
319,927Whitecourt
33%
525,070Didsbury
31%
663,042Three Hills
31%
495,695Stettler
29%
505,689Vegreville
29%
593,804Claresholm
27%
515,581Redcliff
27%
901,673Valleyview
27%
603,724Cardston
24%
3010,385Morinville
24%
951,416Two Hills
24%
358,771Coaldale
22%
466,545Devon
22%
911,639Fox Creek
22%
812,167Nanton
22%
722,611Turner Valley
22%
534,921Westlock
22%
554,320Barrhead
20%
702,730Black Diamond
20%
623,599Crossfield
20%
822,115Redwater
20%
991,280Bowden
18%
842,036Bow Island
18%
971,329Bruderheim
18%
742,481Magrath
18%
1001,259Mayerthorpe
18%
633,484Penhold
18%
564,199Raymond
18%
712,672Sundre
18%
832,045Tofield
18%
672,869Coalhurst
16%
682,817Fairview
16%
613,622Pincher Creek
16%
861,900Provost
16%
752,470Rimbey
16%
981,286Vauxhall
16%
782,380High Prairie
14%
851,930Picture Butte
14%
871,890Millet
12%
762,427Sexsmith
12%
941,432Wembley
12%
792,271Beaverlodge
10%
961,399Elk Point
10%
891,744Lamont
10%
802,183Calmar
8%
653,218Gibbons
8%
921,461Bon Accord
6%
732,601Grimshaw
6%
931,438Nobleford
6%

Score Distribution

Percentile by Number Answered

Percent of People with Each Score

Your Score History

You have not taken this quiz since the last reset